000
00265nam a22001097a 4500
082
_a
530 ELW'P
100
_a
ELWELL, D,POINTON, A. J
_9
74083
245
_a
PHYSICS FOR ENGINEERS AND SCIENTISTS
260
_a
NEWYORK
_b
JOHN WILEY
_c
1978
300
_a
356P
942
_c
BK
999
_c
579659
_d
579659